| 000 | 01808nam2a22002771 4500 | ||
|---|---|---|---|
| 001 | RU\NLR\INFOCOMM55\1000057133 | ||
| 005 | 20040601114457.0 | ||
| 035 | _a(NLR Aleph) 002570924 | ||
| 090 |
_a3188763 _c3188763 |
||
| 100 | _a20040601d1971 |||y0rusy50 ca | ||
| 101 | 0 | _arus | |
| 102 | _aRU | ||
| 105 | _ay ||||||||| | ||
| 200 | 1 |
_aИзмерение сильных магнитных полей методом ядерного магнитного резонанса _fО.Н. Пономаренко |
|
| 210 | _d1971 | ||
| 225 | 1 |
_a... _vВып.327 _i... _v1971, №10 |
|
| 461 | 0 |
_1001RU\NLR\INFOCOMM55\1000056712 _12001#$aОбзоры по электронной технике$fМ-во электронной пром-сти СССР. Ин-т "Электроника"$vВып.327 _93197280 _cМ. _d1968- _fМ-во электронной пром-сти СССР. Ин-т "Электроника" _tОбзоры по электронной технике _vВып.327 |
|
| 462 | 0 |
_1001RU\NLR\INFOCOMM55\1000057116 _12001#$aОбзоры по электронной технике...$iСерия: Контрольно-измерительная аппаратура$fМ-во электронной пром-сти СССР. Ин-т "Электроника"$v1971, №10 _93188614 _cМ. _d1970-1971 _fМ-во электронной пром-сти СССР. Ин-т "Электроника" _iСерия: Контрольно-измерительная аппаратура _tОбзоры по электронной технике. - Обзоры по электронной технике _v1971, №10 |
|
| 700 | 1 |
_aПономаренко _bО. Н. _4070 |
|
| 801 | 0 |
_aRU _bNLR _gPSBO |
|
| 801 | 1 |
_aRU _bInfoComm _c20040601 |
|
| 852 |
_aNLR _jП51/94 |
||
| 942 | _cISSUE | ||
| 980 | _aNB | ||
| 980 | _aRUSPER | ||